000 00328nam a2200121Ia 4500
008 241015s9999 xx 000 0 und d
041 _aeng
082 _a338.477 WEB
100 _aTerry Webb
245 _aFinancial Management In The Sport Industry
260 _bLarsen And Keller Education
_aUSA
_c2023
300 _a241;. P. 28 cm
999 _c41725
_d41725